📜Vrai ou Faux : Histoire - Statistiques

Statistiques générales
  • Ce quiz a été pris 148 fois
    144 depuis la dernière actualisation
  • Le résultat moyen est 14 sur 21
Statistiques - réponses
Hint Explanation Réponse % Correct
Le premier homme à marcher sur la Lune était Neil Armstrong. Il a posé le pied sur la Lune le 20 juillet 1969. ✅ Vrai
93%
La peste noire a causé la mort d'environ un tiers de la population européenne au XIVe siècle. On estime que la pandémie a tué entre 30% et 60% de la population européenne. ✅ Vrai
93%
Le Titanic a coulé lors de son voyage inaugural en raison d'une collision avec un iceberg. Le célèbre paquebot a sombré dans la nuit du 14 au 15 avril 1912. ✅ Vrai
92%
Christophe Colomb a découvert que la Terre était ronde. La plupart des érudits et des marins de l'époque savaient déjà que la Terre était ronde. Le débat portait sur la circonférence de la Terre, pas sur sa forme. ❌ Faux
90%
Les dinosaures et les humains ont coexisté pendant des millions d'années Les derniers dinosaures non-aviaires ont disparu il y a environ 66 millions d'années, bien avant l'apparition des premiers hominidés. ❌ Faux
89%
Jules César était le premier empereur romain. Jules César était un dictateur et un général puissant, mais le premier empereur romain fut son héritier, Auguste. ❌ Faux
83%
La Seconde Guerre mondiale a commencé avec l'invasion de la Pologne par l'Allemagne. L'invasion de la Pologne par l'Allemagne nazie le 1er septembre 1939 est généralement considérée comme le début de la Seconde Guerre mondiale en Europe. ✅ Vrai
83%
Les gladiateurs romains combattaient toujours à mort dans les arènes. Bien que les combats fussent brutaux, la mort n'était pas systématique. Les gladiateurs étaient coûteux à entraîner et à entretenir, et les combats à mort étaient plus rares que ce que l'on imagine souvent. ❌ Faux
70%
Le cheval de Troie était une véritable offrande aux dieux. Selon le récit mythologique de l'Odyssée, c'était une ruse des Grecs pour pénétrer dans la ville de Troie. ❌ Faux
70%
L'Égypte antique a été conquise par Alexandre le Grand. Alexandre le Grand a conquis l'Égypte en 332 av. J.-C. et a fondé la ville d'Alexandrie. ✅ Vrai
70%
Christophe Colomb était Italien mais a navigué sous les ordres de l'Espagne. Il est né à Gênes (Italie) mais a obtenu le financement pour ses voyages de la part des Rois Catholiques d'Espagne. ✅ Vrai
70%
Les Vikings portaient des casques avec des cornes. C'est un mythe populaire souvent attribué aux opéras du 19ème siècle. Aucune preuve archéologique ne soutient cette idée. ❌ Faux
64%
La boussole a été inventée en Europe. La boussole a été inventée en Chine. ❌ Faux
61%
La Grande Muraille de Chine est visible depuis l'espace sans aide optique. C'est un mythe tenace. Elle est trop fine et de couleur similaire à son environnement pour être visible à l'œil nu depuis l'orbite terrestre. ❌ Faux
50%
Marie-Antoinette a dit "Qu'ils mangent de la brioche !" en apprenant que le peuple n'avait pas de pain. Cette citation lui est attribuée, mais il n'existe aucune preuve qu'elle l'ait réellement prononcée. Elle apparaît dans "Les Confessions" de Rousseau, bien avant l'arrivée de Marie-Antoinette à la cour. ❌ Faux
50%
Les premières écritures cunéiformes ont été développées par les Égyptiens. L'écriture cunéiforme a été développée par les Sumériens en Mésopotamie. Les Égyptiens ont développé les hiéroglyphes. ❌ Faux
49%
Les samouraïs japonais utilisaient principalement le katana comme arme de guerre. Bien que le katana soit leur arme emblématique, les samouraïs utilisaient majoritairement des arcs, des lances (yari) et des naginata (lance à lame courbe) sur les champs de bataille. Le katana était plus souvent une arme de mêlée ou de défense personnelle. ❌ Faux
48%
Les pharaons égyptiens étaient les seuls à être enterrés dans des pyramides. De nombreux autres pays, comme le Soudan, ont également construit des pyramides pour leurs souverains ou pour des raisons religieuses. ❌ Faux
48%
Les Romains utilisaient le béton pour construire des bâtiments il y a des milliers d'années. Les Romains étaient des maîtres du béton, qu'ils utilisaient pour des structures comme le Panthéon ou des aqueducs. Leur béton était d'ailleurs étonnamment durable. ✅ Vrai
43%
Les sorcières de Salem étaient toutes brûlées sur le bûcher. Aucune "sorcière" de Salem n'a été brûlée. Les condamnés à mort l'étaient par pendaison. ❌ Faux
41%
Les pyramides de Gizeh ont été construites par des esclaves. Des découvertes archéologiques suggèrent qu'elles ont été construites par des ouvriers égyptiens qualifiés, nourris et logés. ❌ Faux
38%
Aucun quiz correspondant
Distribution des résultats
% des personnes avec chaque résultat
Percentile par nombre de réponses
Votre historique - résultats
Vous n’avez pas pris ce quiz depuis la dernière actualisation